Modern clinical psychology, (Record no. 90869)

MARC details
000 -LEADER
fixed length control field 00845cam a22002651 4500
001 - CONTROL NUMBER
control field sg 46000310
003 - CONTROL NUMBER IDENTIFIER
control field DLC
005 - DATE AND TIME OF LATEST TRANSACTION
control field 20260227112751.0
008 - FIXED-LENGTH DATA ELEMENTS--GENERAL INFORMATION
fixed length control field 731030s1946 nyua b 000 0 eng c
010 ## - LIBRARY OF CONGRESS CONTROL NUMBER
LC control number sg 46000310
035 ## - SYSTEM CONTROL NUMBER
System control number (OCoLC)730053
040 ## - CATALOGING SOURCE
Original cataloging agency U.S. Army Medical Library
Transcribing agency OHirC
Modifying agency OCoLC
-- DLC
042 ## - AUTHENTICATION CODE
Authentication code premarc
050 00 - LIBRARY OF CONGRESS CALL NUMBER
Classification number RC602
Item number .R54
082 ## - DEWEY DECIMAL CLASSIFICATION NUMBER
Classification number 616.8
100 1# - MAIN ENTRY--PERSONAL NAME
Personal name Richards, Thomas William,
Dates associated with a name 1907-
245 10 - TITLE STATEMENT
Title Modern clinical psychology,
Statement of responsibility, etc. by T.W. Richards ...
250 ## - EDITION STATEMENT
Edition statement 1st ed.
260 ## - PUBLICATION, DISTRIBUTION, ETC.
Place of publication, distribution, etc. New York,
-- London,
Name of publisher, distributor, etc. McGraw-Hill Book Company, inc.,
Date of publication, distribution, etc. 1946.
300 ## - PHYSICAL DESCRIPTION
Extent xi, 331 p.
Other physical details illus. (diagrs.)
Dimensions 24 cm.
490 0# - SERIES STATEMENT
Series statement McGraw-Hill publications in psychology
504 ## - BIBLIOGRAPHY, ETC. NOTE
Bibliography, etc. note Bibliography: p. 309-316. "List of visual aids": p. 317-321.
650 #0 - SUBJECT ADDED ENTRY--TOPICAL TERM
Topical term or geographic name entry element Clinical psychology.
740 0# - ADDED ENTRY--UNCONTROLLED RELATED/ANALYTICAL TITLE
Uncontrolled related/analytical title Clinical psychology.

No items available.

Powered by Koha